[Event "Barcelona La Lira op 14th"]
[Site "Barcelona"]
[Date "2023.05.25"]
[Round "6"]
[White "Tortosa Moros, Joan"]
[Black "Custodio Criado, Jofre"]
[Result "0-1"]
[WhiteElo "1596"]
[BlackElo "1754"]
[PlyCount "92"]
[EventDate "2023.04.20"]
[EventType "swiss"]
[EventRounds "9"]
[EventCountry "ESP"]
[SourceTitle "EXT 2024"]
[Source "ChessBase"]
[SourceDate "2023.10.10"]
[SourceVersion "1"]
[SourceVersionDate "2023.10.10"]
[SourceQuality "1"]

1. e4 e5 2. Nf3 Nc6 3. Bb5 a6 4. Ba4 Nf6 5. d3 b5 6. Bb3 Bc5 7. 0-0 0-0 8. c3 d6 9. h3 h6 10. Qe2 Re8 11. Be3 Qe7 12. Bxc5 dxc5 13. Nbd2 Be6 14. Bxe6 Qxe6 15. Nh4 Ne7 16. g4 Kh7 17. Kh2 g6 18. Rg1 g5 19. Nf5 Ng6 20. Qe3 Rad8 21. Nf3 Nf4 22. Rgd1 c4 23. dxc4 Rxd1 24. Rxd1 Qxc4 25. b3 Qc6 26. Ng3 Qe6 27. Nf5 Kg6 28. Ng1 Rh8 29. Kg3 h5 30. f3 hxg4 31. fxg4 a5 32. Rd2 a4 33. b4 a3 34. Qf3 Qc4 35. Ne7+ Kh7 36. Kh2 Re8 37. Nd5 N6xd5 38. exd5 e4 39. Qe3 Kg6 40. Qd4 Qxd4 41. Rxd4 e3 42. Rd1 e2 43. Re1 Re3 44. Kh1 Kf6 45. Kh2 Rxc3 46. Nxe2 Rc2 0-1

[Event "Foment Martinenc op-A 21st"]
[Site "Barcelona"]
[Date "2019.05.25"]
[Round "5"]
[White "Povill Batlle, Ramon"]
[Black "Custodio Criado, Jofre"]
[Result "1-0"]
[WhiteElo "1835"]
[BlackElo "1748"]
[PlyCount "67"]
[EventDate "2019.04.27"]
[EventType "swiss"]
[EventRounds "9"]
[EventCountry "ESP"]
[SourceTitle "EXT 2020"]
[Source "ChessBase"]
[SourceDate "2019.10.17"]
[SourceVersion "1"]
[SourceVersionDate "2019.10.17"]
[SourceQuality "1"]

1. e4 e6 2. d4 d5 3. Nc3 dxe4 4. Nxe4 Bd7 5. Bd3 Bc6 6. Nf3 Nd7 7. c3 Ngf6 8. Bg5 Be7 9. Nxf6+ Bxf6 10. Bf4 b6 11. Qe2 0-0 12. Bc2 Be7 13. Qd3 Nf6 14. Ng5 g6 15. h4 Nh5 16. Bd2 Bxg2 17. Rg1 Bb7 18. Nxh7 Re8 19. Ng5 Bxg5 20. Rxg5 Qf6 21. Rxh5 gxh5 22. Qh7+ Kf8 23. Bh6+ Ke7 24. Bg5 Rh8 25. Qg7 Qxg5 26. Qxg5+ Kd7 27. 0-0-0 Bf3 28. Re1 Bg4 29. f3 Bxf3 30. Qf4 Bd5 31. Qxf7+ Kd6 32. Qf4+ Kc6 33. Be4 Raf8 34. Qe5 1-0

[Event "Barcelona 150 aniversity 1"]
[Site "Barcelona"]
[Date "2019.05.03"]
[Round "2.3"]
[White "Custodio Criado, Jofre"]
[Black "Vargas Drechsler, Carlos"]
[Result "1-0"]
[WhiteElo "1748"]
[BlackElo "1919"]
[PlyCount "41"]
[EventDate "2019.04.26"]
[EventType "swiss"]
[EventRounds "9"]
[EventCountry "ESP"]
[SourceTitle "EXT 2024"]
[Source "ChessBase"]
[SourceDate "2023.10.10"]
[SourceVersion "1"]
[SourceVersionDate "2023.10.10"]
[SourceQuality "1"]

1. e4 e5 2. Nf3 Nf6 3. Nxe5 Nxe4 4. Qe2 Qe7 5. Qxe4 d6 6. d4 dxe5 7. dxe5 Nc6 8. Bb5 Bd7 9. Bf4 0-0-0 10. Nc3 g5 11. Bg3 h5 12. h4 Bh6 13. 0-0-0 gxh4+ 14. Bf4 Bxf4+ 15. Qxf4 Rdg8 16. Nd5 Qxe5 17. Qxe5 Nxe5 18. Ne7+ Kd8 19. Nxg8 Rxg8 20. Rxh4 c6 21. Rhd4 1-0

[Event "Foment Martinenc op-A 21st"]
[Site "Barcelona"]
[Date "2019.04.27"]
[Round "1"]
[White "Delgado Pico, Lluis"]
[Black "Custodio Criado, Jofre"]
[Result "1/2-1/2"]
[WhiteElo "2013"]
[BlackElo "1748"]
[PlyCount "52"]
[EventDate "2019.04.27"]
[EventType "swiss"]
[EventRounds "9"]
[EventCountry "ESP"]
[SourceTitle "EXT 2020"]
[Source "ChessBase"]
[SourceDate "2019.10.17"]
[SourceVersion "1"]
[SourceVersionDate "2019.10.17"]
[SourceQuality "1"]

1. d4 d5 2. Bf4 Nf6 3. e3 e6 4. Nd2 Bd6 5. Bg3 b6 6. Bd3 Ba6 7. c4 0-0 8. Ngf3 c5 9. Ne5 Qc7 10. 0-0 Nfd7 11. f4 f5 12. Rc1 Nxe5 13. dxe5 Be7 14. Qe2 Nc6 15. a3 Qd7 16. Rcd1 Rfd8 17. Nf3 g6 18. Bh4 Bxh4 19. Nxh4 Qe7 20. Nf3 h6 21. Kh1 Bxc4 22. Bxc4 dxc4 23. Qxc4 Rxd1 24. Rxd1 Rd8 25. Rxd8+ Nxd8 26. Qd3 Kf7 1/2-1/2

[Event "Montcada op-C 25th"]
[Site "Montcada"]
[Date "2017.07.03"]
[Round "9"]
[White "Custodio Criado, Jofre"]
[Black "Guardia Bencomo, Tomas"]
[Result "1-0"]
[WhiteElo "1757"]
[BlackElo "1728"]
[PlyCount "26"]
[EventDate "2017.06.26"]
[EventType "swiss"]
[EventRounds "9"]
[EventCountry "ESP"]
[SourceTitle "EXT 2018"]
[Source "ChessBase"]
[SourceDate "2017.10.13"]
[SourceVersion "1"]
[SourceVersionDate "2017.10.13"]
[SourceQuality "1"]

1. d4 d5 2. c4 c6 3. cxd5 cxd5 4. Nc3 Nf6 5. Bf4 e6 6. e3 Bd6 7. Bxd6 Qxd6 8. f4 0-0 9. Bd3 b6 10. Nf3 Ba6 11. Bxa6 Nxa6 12. 0-0 Nc7 13. Ne5 Rfc8 1-0

[Event "Montcada op-C 25th"]
[Site "Montcada"]
[Date "2017.07.01"]
[Round "6"]
[White "Custodio Criado, Jofre"]
[Black "Sagar, Siya"]
[Result "1-0"]
[WhiteElo "1757"]
[BlackElo "1608"]
[PlyCount "35"]
[EventDate "2017.06.26"]
[EventType "swiss"]
[EventRounds "9"]
[EventCountry "ESP"]
[SourceTitle "EXT 2018"]
[Source "ChessBase"]
[SourceDate "2017.10.13"]
[SourceVersion "1"]
[SourceVersionDate "2017.10.13"]
[SourceQuality "1"]

1. e4 e5 2. Nf3 Nc6 3. Bb5 a6 4. Bxc6 dxc6 5. d4 exd4 6. Qxd4 Qxd4 7. Nxd4 Bd7 8. Nc3 0-0-0 9. Be3 Bd6 10. 0-0-0 Ne7 11. f3 f6 12. Nde2 c5 13. Bf4 Bxf4+ 14. Nxf4 b5 15. Ncd5 Nxd5 16. Nxd5 Bc6 17. Ne7+ Kb7 18. Nf5 1-0

[Event "Montcada op-C 25th"]
[Site "Montcada"]
[Date "2017.06.30"]
[Round "5"]
[White "Ramon Herraez, Alex"]
[Black "Custodio Criado, Jofre"]
[Result "1/2-1/2"]
[WhiteElo "1654"]
[BlackElo "1757"]
[PlyCount "30"]
[EventDate "2017.06.26"]
[EventType "swiss"]
[EventRounds "9"]
[EventCountry "ESP"]
[SourceTitle "EXT 2018"]
[Source "ChessBase"]
[SourceDate "2017.10.13"]
[SourceVersion "1"]
[SourceVersionDate "2017.10.13"]
[SourceQuality "1"]

1. d4 d5 2. Nf3 Nf6 3. c4 c6 4. e3 Bf5 5. cxd5 cxd5 6. Nc3 Nc6 7. Be2 e6 8. 0-0 h6 9. Bb5 Bd6 10. b3 0-0 11. Bb2 Rc8 12. Re1 Qe7 13. Bd3 Bxd3 14. Qxd3 a6 15. Na4 Bb8 1/2-1/2

[Event "Barcelona Catalunya op 26th"]
[Site "Barcelona"]
[Date "2014.11.22"]
[Round "8"]
[White "Custodio Criado, Jofre"]
[Black "Garcia Lopez, Nicolas"]
[Result "0-1"]
[WhiteElo "1901"]
[BlackElo "2103"]
[PlyCount "72"]
[EventDate "2014.09.27"]
[EventType "swiss"]
[EventRounds "9"]
[EventCountry "ESP"]
[SourceTitle "EXT 2017"]
[Source "ChessBase"]
[SourceDate "2016.10.25"]
[SourceVersion "1"]
[SourceVersionDate "2016.10.25"]
[SourceQuality "1"]

1. e4 d5 2. exd5 Nf6 3. Bb5+ Bd7 4. Bxd7+ Qxd7 5. c4 c6 6. dxc6 Nxc6 7. Nf3 Qg4 8. 0-0 Qxc4 9. b3 Qd3 10. Nc3 0-0-0 11. Re1 h6 12. Re3 Qd7 13. Bb2 e6 14. Rc1 Kb8 15. d4 Bd6 16. g3 Nb4 17. a3 Nbd5 18. Nxd5 Nxd5 19. Re2 Qe7 20. b4 g5 21. Qb3 Rdg8 22. Ne5 h5 23. Nc4 Bc7 24. Na5 Qf6 25. Nc4 h4 26. Ne5 Rd8 27. a4 Qe7 28. Ba3 hxg3 29. fxg3 Bb6 30. Qb2 Nf4 31. Rd2 Ne2+ 32. Kf2 Rxh2+ 33. Ke3 Nxc1 34. Rxh2 Bxd4+ 35. Qxd4 Rxd4 36. Kxd4 Qd6+ 0-1

[Event "Barcelona Catalunya op 26th"]
[Site "Barcelona"]
[Date "2014.11.15"]
[Round "7"]
[White "Franzoni Ladron, Enric"]
[Black "Custodio Criado, Jofre"]
[Result "1/2-1/2"]
[WhiteElo "2005"]
[BlackElo "1901"]
[PlyCount "80"]
[EventDate "2014.09.27"]
[EventType "swiss"]
[EventRounds "9"]
[EventCountry "ESP"]
[SourceTitle "EXT 2017"]
[Source "ChessBase"]
[SourceDate "2016.10.25"]
[SourceVersion "1"]
[SourceVersionDate "2016.10.25"]
[SourceQuality "1"]

1. e4 e5 2. Nf3 d6 3. d4 exd4 4. Nxd4 g6 5. Be3 Bg7 6. Nc3 Nf6 7. Be2 0-0 8. Qd2 Re8 9. f3 Nc6 10. 0-0-0 a6 11. g4 Nxd4 12. Bxd4 b5 13. a3 Bb7 14. h4 Nd7 15. Bxg7 Kxg7 16. g5 Qe7 17. h5 Nc5 18. hxg6 hxg6 19. Rh6 Rh8 20. Rdh1 Rxh6 21. Rxh6 Rh8 22. b4 Ne6 23. Rxh8 Kxh8 24. f4 c5 25. Bg4 Nd4 26. Nd5 Bxd5 27. exd5 Qe4 28. bxc5 Qxd5 29. cxd6 Qxd6 30. Kb2 Qc5 31. c3 Nc6 32. Bf3 Kg7 33. Bxc6 Qxc6 34. Qd4+ Kg8 35. Kb3 a5 36. Qd8+ Kg7 37. Qxa5 Qc4+ 38. Kb2 Qe2+ 39. Kb1 Qd1+ 40. Kb2 Qe2+ 1/2-1/2

[Event "Barcelona Catalunya op 26th"]
[Site "Barcelona"]
[Date "2014.10.11"]
[Round "3"]
[White "Mestres Vilahur, Lluis"]
[Black "Custodio Criado, Jofre"]
[Result "1/2-1/2"]
[WhiteElo "1767"]
[BlackElo "1901"]
[PlyCount "110"]
[EventDate "2014.09.27"]
[EventType "swiss"]
[EventRounds "9"]
[EventCountry "ESP"]
[SourceTitle "EXT 2017"]
[Source "ChessBase"]
[SourceDate "2016.10.25"]
[SourceVersion "1"]
[SourceVersionDate "2016.10.25"]
[SourceQuality "1"]

1. e4 e5 2. Nf3 d6 3. Bc4 Be7 4. d4 exd4 5. Nxd4 Nf6 6. Nc3 0-0 7. 0-0 Nc6 8. Be3 Re8 9. Nxc6 bxc6 10. Be2 Bf8 11. Bf3 Be6 12. e5 Nd5 13. Nxd5 Bxd5 14. Bxd5 cxd5 15. Qxd5 Rxe5 16. Qf3 Be7 17. Rad1 Bf6 18. b3 a5 19. c4 Rb8 20. Rd3 Qe8 21. Bd4 Re6 22. Bxf6 Rxf6 23. Qd1 Re6 24. Qd2 Ra8 25. Re3 Rxe3 26. Qxe3 Qd7 27. Re1 Kf8 28. Qe4 Re8 29. Qxe8+ Qxe8 30. Rxe8+ Kxe8 31. f4 Ke7 32. Kf2 Ke6 33. g4 d5 34. Ke3 c5 35. cxd5+ Kxd5 36. Kd3 Kd6 37. Kc4 Kc6 38. a3 Kb6 39. Kd5 Kb5 40. h4 h5 41. gxh5 f5 42. Ke5 a4 43. bxa4+ Kxa4 44. Kd5 Kb5 45. a4+ Kb4 46. a5 c4 47. a6 c3 48. a7 c2 49. a8Q c1Q 50. Qb7+ Ka5 51. Qa7+ Kb5 52. Qd7+ Kb4 53. Qxf5 Qc4+ 54. Ke5 Qc5+ 55. Ke4 Qc2+ 1/2-1/2

[Event "Foment Martinenc op-A 16th"]
[Site "Barcelona"]
[Date "2014.05.17"]
[Round "4"]
[White "Garcia de Blas, Esteban"]
[Black "Custodio Criado, Jofre"]
[Result "1/2-1/2"]
[WhiteElo "2043"]
[BlackElo "1633"]
[PlyCount "54"]
[EventDate "2014.04.26"]
[EventType "swiss"]
[EventRounds "9"]
[EventCountry "ESP"]
[SourceTitle "EXT 2015"]
[Source "ChessBase"]
[SourceDate "2014.11.20"]
[SourceVersion "1"]
[SourceVersionDate "2014.11.20"]
[SourceQuality "1"]

1. d4 d5 2. c4 e6 3. Nc3 Nf6 4. Bg5 Nbd7 5. e3 c6 6. Nf3 Be7 7. Qc2 0-0 8. 0-0-0 a5 9. Kb1 dxc4 10. Bxc4 b5 11. Bd3 h6 12. h4 Nd5 13. Nxd5 exd5 14. Bxe7 Qxe7 15. Qxc6 Ba6 16. Qxd5 Nf6 17. Qe5 Qd7 18. Qf5 Qd6 19. Ne5 Bc8 20. Qf3 Be6 21. Qc6 Qd8 22. Rhg1 Nd5 23. g4 Rc8 24. Qb7 Rb8 25. Qa7 Ra8 26. Qc5 Qxh4 27. g5 Rfc8 1/2-1/2

[Event "Barcelona Sant Marti op-B 15th"]
[Site "Barcelona"]
[Date "2013.07.15"]
[Round "3"]
[White "Custodio Criado, Jofre"]
[Black "Casset Bello, Elena"]
[Result "0-1"]
[WhiteElo "1568"]
[BlackElo "1908"]
[PlyCount "146"]
[EventDate "2013.07.13"]
[EventType "swiss"]
[EventRounds "9"]
[EventCountry "ESP"]
[SourceTitle "CBM 155 Extra"]
[Source "ChessBase"]
[SourceDate "2013.08.26"]
[SourceVersion "1"]
[SourceVersionDate "2013.08.26"]
[SourceQuality "1"]

1. e4 e5 2. Nf3 Nc6 3. Bc4 Bc5 4. c3 Nf6 5. d4 exd4 6. cxd4 Bb4+ 7. Bd2 Bxd2+ 8. Nbxd2 d5 9. exd5 Nxd5 10. Qb3 Nce7 11. 0-0 0-0 12. Ne4 c6 13. Rac1 Qb6 14. Qa3 Be6 15. Nc5 Bf5 16. Rfe1 Qc7 17. Re5 Bg4 18. Bxd5 Nxd5 19. h3 Bxf3 20. Qxf3 Rad8 21. Nb3 Qb6 22. Rc5 h6 23. Rc2 Nb4 24. Rd2 Rd6 25. a3 Nd5 26. Rde2 Rf6 27. Qg3 Nf4 28. Rd2 Nxg2 29. Kh1 Nf4 30. Nc5 Rd8 31. Ne4 Nd5 32. Rxd5 cxd5 33. Nxf6+ Qxf6 34. Kg2 Qg5 35. Qxg5 hxg5 36. Re2 Kf8 37. Kg3 Re8 38. Rc2 f6 39. Rc5 Rd8 40. Rc7 Rb8 41. Rd7 a6 42. Rxd5 Ke7 43. Kg4 Ke6 44. Rc5 Rd8 45. Rc7 Rxd4+ 46. Kg3 Rd7 47. Rxd7 Kxd7 48. Kf3 Ke6 49. Ke4 g6 50. f3 Kd6 51. Kd4 f5 52. a4 a5 53. b3 b6 54. Kc4 Kc6 55. Kd4 Kd6 56. Kc4 Kc6 57. Kd4 b5 58. Ke5 bxa4 59. bxa4 Kc5 60. Kf6 Kb4 61. Kxg6 Kxa4 62. Kxg5 Kb3 63. h4 a4 64. h5 a3 65. h6 a2 66. Kxf5 a1Q 67. Kg6 Qh8 68. f4 Qg8+ 69. Kf6 Kc4 70. f5 Kd5 71. Ke7 Qh7+ 72. Kf6 Qxh6+ 73. Ke7 Ke5 0-1

[Event "Foment Martinenc op-B 15th"]
[Site "Barcelona"]
[Date "2013.05.11"]
[Round "4"]
[White "Custodio Criado, Jofre"]
[Black "Sama Salinas, Hector"]
[Result "1-0"]
[WhiteElo "1549"]
[BlackElo "1998"]
[PlyCount "93"]
[EventDate "2013.04.20"]
[EventType "swiss"]
[EventRounds "9"]
[EventCountry "ESP"]
[SourceTitle "CBM 154 Extra"]
[Source "ChessBase"]
[SourceDate "2013.06.25"]
[SourceVersion "2"]
[SourceVersionDate "2013.06.25"]
[SourceQuality "1"]

1. e4 e6 2. d4 d5 3. exd5 exd5 4. Nf3 Nc6 5. c3 Bd6 6. Bd3 Nge7 7. 0-0 Bf5 8. Re1 Bxd3 9. Qxd3 0-0 10. Ne5 f6 11. Nxc6 Nxc6 12. Qb5 a6 13. Qxd5+ Kh8 14. Qf3 Qd7 15. Bf4 Rae8 16. Nd2 Be7 17. Qg3 Nd8 18. Bxc7 Ne6 19. Qh3 f5 20. Be5 Ng5 21. Qg3 Rf7 22. f4 Ne6 23. Re3 Nf8 24. Qf3 Ng6 25. Qh5 Bh4 26. g3 Bf6 27. Rae1 Rfe7 28. Qd1 Qb5 29. Nb3 Qd5 30. a3 Qc4 31. Na5 Qa2 32. Qd2 Bxe5 33. dxe5 Qe6 34. Kg2 Rd7 35. Rd3 Red8 36. Ree3 Ne7 37. Rxd7 Rxd7 38. Rd3 Nd5 39. b3 g5 40. c4 Nxf4+ 41. gxf4 Rxd3 42. Qxd3 gxf4 43. Qd8+ Kg7 44. Qc7+ Kh8 45. Qd6 Qg8+ 46. Kf2 Qg4 47. Qf8+ 1-0

[Event "Llinars del Valles op-B 6th"]
[Site "Llinars del Valles"]
[Date "2012.04.28"]
[Round "3"]
[White "Sans Font, Marc"]
[Black "Custodio Criado, Jofre"]
[Result "1-0"]
[WhiteElo "1641"]
[BlackElo "1504"]
[PlyCount "95"]
[EventDate "2012.04.14"]
[EventType "swiss"]
[EventRounds "9"]
[EventCountry "ESP"]
[SourceTitle "EXT 2013"]
[Source "ChessBase"]
[SourceDate "2012.11.22"]
[SourceVersion "1"]
[SourceVersionDate "2012.11.22"]
[SourceQuality "1"]

1. d4 d5 2. c4 e6 3. Nf3 Nf6 4. Nc3 Bb4 5. e3 0-0 6. Bd3 dxc4 7. Bxc4 Ne4 8. Qd3 Ng5 9. Nxg5 Qxg5 10. 0-0 Nc6 11. a3 Bxc3 12. bxc3 Rd8 13. e4 Qg6 14. Qg3 Qxg3 15. hxg3 a6 16. e5 Ne7 17. Bg5 Rd7 18. Bd3 h6 19. Bxe7 Rxe7 20. Be4 Ra7 21. f4 b5 22. g4 Bb7 23. Bc2 Bd5 24. f5 exf5 25. gxf5 f6 26. Rae1 c6 27. Bd1 Rac7 28. Re3 Kf8 29. Bf3 Bxf3 30. Rfxf3 c5 31. e6 cxd4 32. cxd4 Rc6 33. Rc3 Rec7 34. Rxc6 Rxc6 35. Kf2 Ke7 36. Rd3 Rd6 37. Ke3 g6 38. d5 gxf5 39. Kf4 a5 40. Kxf5 b4 41. axb4 axb4 42. Ke4 b3 43. Rxb3 f5+ 44. Ke5 Ra6 45. Rb7+ Ke8 46. d6 Ra8 47. Rh7 Ra5+ 48. Kf6 1-0

[Event "Llinars del Valles op-B 6th"]
[Site "Llinars del Valles"]
[Date "2012.04.14"]
[Round "1"]
[White "Gonzalez Escudero, Josep"]
[Black "Custodio Criado, Jofre"]
[Result "1-0"]
[WhiteElo "1798"]
[BlackElo "1504"]
[PlyCount "137"]
[EventDate "2012.04.14"]
[EventType "swiss"]
[EventRounds "9"]
[EventCountry "ESP"]
[SourceTitle "EXT 2013"]
[Source "ChessBase"]
[SourceDate "2012.11.22"]
[SourceVersion "1"]
[SourceVersionDate "2012.11.22"]
[SourceQuality "1"]

1. e4 e5 2. Nf3 d6 3. d4 exd4 4. Nxd4 Nd7 5. Nc3 Ngf6 6. Bc4 Nb6 7. Bd3 Be7 8. 0-0 0-0 9. Nf5 Bxf5 10. exf5 c6 11. Qf3 Nbd5 12. Qg3 Kh8 13. Nxd5 Nxd5 14. Qh3 Bf6 15. c3 Re8 16. Bd2 Qd7 17. Rae1 Ne7 18. Qh5 g6 19. fxg6 fxg6 20. Qf3 Kg7 21. Re2 Nf5 22. Rfe1 Rxe2 23. Qxe2 Kf7 24. Bf4 d5 25. c4 Re8 26. Qxe8+ Qxe8 27. Rxe8 Kxe8 28. cxd5 Bxb2 29. dxc6 bxc6 30. g4 Ne7 31. Be3 a5 32. a4 Kd7 33. Bd2 Nd5 34. Bxa5 Nf4 35. Bc4 g5 36. Bb6 Kc8 37. a5 Nd5 38. Ba6+ Kd7 39. Bc5 Bc3 40. Bd3 Bxa5 41. Bxh7 Bb6 42. Bf5+ Ke8 43. Ba3 Bc7 44. Bb2 Kf7 45. Kg2 c5 46. Bc1 Kf6 47. Bc2 Nf4+ 48. Kf3 Nh3 49. Kg2 Nf4+ 50. Bxf4 Bxf4 51. h3 c4 52. Kf3 Bc1 53. Ke4 c3 54. Kd4 Bd2 55. f3 Ke6 56. Bf5+ Kd6 57. Bc2 Be1 58. f4 gxf4 59. Ke4 Bg3 60. g5 Ke6 61. Kf3 Kf7 62. Kg4 Kg7 63. h4 Be1 64. h5 Bd2 65. h6+ Kh8 66. Kf3 Bc1 67. g6 Kg8 68. Bb3+ Kh8 69. g7+ 1-0